General Knowledge Quiz #163 - Statistics

General Stats
  • This quiz has been taken 76,898 times
    50,579 since last reset
  • The average score is 13 of 20
Answer Stats
Question Answer % Correct
What deadly disease comes in bubonic and pneumonic forms? Plague
88%
What is the largest park on the island of Manhattan? Central Park
86%
What has parietal, temporal, and occipital, and frontal lobes? Cerebrum
86%
What is a common name for a cardiac arrhythmia? Irregular {heartbeat}
86%
What African nation has initials BF? Burkina Faso
80%
What country was annexed by Germany in the 1938 "Anschluss"? Austria
77%
Who did God speak to via a burning bush? Moses
76%
Horses have four natural gaits: walk, trot, canter, and what? Gallop
71%
What co-worker does Clark Kent have romantic feelings towards? Lois Lane
70%
What profession was founded by Florence Nightingale? Nursing
70%
What is the French word for water? Eau
69%
What food product was sold by the fictional Bubba Gump company? Shrimp
67%
What boy band was Justin Timberlake a member of? NSYNC
66%
In what sea would you find the Cayman Islands? Caribbean Sea
65%
What peninsula is controlled by Russia, but recognized as Ukrainian by the UN? Crimea
63%
What animal is the closest relative of the caiman? Alligator
58%
What Arlington, Virginia structure is the world's largest office building? The Pentagon
49%
What city is located on 118 islands in a lagoon in the Adriatic Sea? Venice
41%
In 1801, Ceres was the first of its kind to be discovered. What is Ceres? An asteroid
39%
Who starred as Rhett Butler in "Gone With the Wind"? Clark Gable
29%
No matching quizzes found
Score Distribution
Percent of People with Each Score
Percentile by Number Answered
Your Score History
You have not taken this quiz since the last reset